The Elimination of morality : reflections on utilitarianism and bioethics

Bibliographic Details
Main Author: Maclean, Anne
Format: Book
Published: London : Routledge , 1993
Subjects:

MARC

LEADER 00000cam a2200000 7i4500
001 0000001465
002 000001611
005 20000330.0
020 |a 0415095387 
090 0 0 |a 171.5   |b MAC 
100 1 |a Maclean, Anne 
245 1 4 |a The Elimination of morality :   |b reflections on utilitarianism and bioethics   |c Anne MacLean 
260 |a London :   |b Routledge ,   |c 1993 
300 |a 219p. ;   |c 24cm. 
650 0 0 |a Bioethics   |x Controversial literature 
650 0 0 |a Utilitarianism   |x Controversial literature 
999 |a 034457   |b BUKU   |c PINJAMAN   |e PERPUSTAKAAN KOMUNITI PETALING JAYA